000 00296nam a22001337a 4500
008 170309b xxu||||| |||| 00| 0 eng d
020 _a9780697106186
041 _aeng
080 _a611
100 _a6
101 _aSHM
245 _aATLAS OF THE SKELETAL MUSCLES
_cSTONE, R.J
942 _2udc
_cBK
999 _c7359
_d7359